Grille de mots mini #18 - Statistiques

Statistiques générales
  • Ce quiz a été pris 46 fois
  • Le résultat moyen est 24 sur 25
Statistiques - réponses
Place de la lettre Réponses % Correct
5 A A
100%
3 A M
100%
4 A M
100%
2 A O
100%
1 A S
100%
2 B D
98%
2 E E
98%
3 B E
98%
2 C I
98%
3 D I
98%
2 D L
98%
1 C N
98%
1 B O
98%
5 B R
98%
3 E S
98%
3 C T
98%
4 B U
98%
1 D A
95%
4 D A
95%
5 C A
95%
5 E E
95%
1 E R
95%
4 C R
95%
5 D S
95%
4 E T
95%
Aucun quiz correspondant
Distribution des résultats
% des personnes avec chaque résultat
Percentile par nombre de réponses
Votre historique - résultats
Vous n’avez pas pris ce quiz